Normal view
MARC view
- Missing children
Entry Topical Term
001 - CONTROL NUMBER
- control field: 8384
003 - CONTROL NUMBER IDENTIFIER
- control field: NUST
005 - DATE AND TIME OF LATEST TRANSACTION
- control field: 20180115152256.0
008 - FIXED-LENGTH DATA ELEMENTS
- fixed length control field: 180115|| aca||aabn | a|a d
040 ## - CATALOGING SOURCE
- Original cataloging agency: NUST
- Transcribing agency: NUST
150 ## - HEADING--TOPICAL TERM
- Topical term or geographic name entry element: Missing children
- Form subdivision: Fiction.
670 ## - SOURCE DATA FOUND
- Source citation: Work cat.: (NUST)0: Hamilton, Denise. 8381, Last lullaby :, 2004.
